000 00528nam a2200181Ia 4500
005 20250326123509.0
008 250326s9999 xx 000 0 und d
037 _aTextbook
040 _aFMSL
_beng
_cFMSL
041 _aeng
_2eng
084 _aX:5(X:89ZB)r P6
_qFMSL
100 _aUnited Nations
245 0 _aTrade and development report 2006
_cUnited Nations
260 _aNew Delhi
_bNew Delhi, Academic Foundation
_c2006
300 _a237p
942 _cTB
_hX:5(X:89ZB)r P6
999 _c1269618
_d1269618